000
00281nam a22000977a 4500
999
_c
523426
_d
523426
082
_a
H9x54 T65
245
_a
Towards the rule of law: 25 legal reforms for India
260
_a
New Delhi
_b
Vidhi Centre for Legal Policy
_c
2019
300
_a
71p.
650
_a
Legal services - India
_9
39973